Your pathway to qualifying in property finance and investment (Record no. 106616)

MARC details
000 -LEADER
fixed length control field 01991cam a2200253 4500
001 - CONTROL NUMBER
control field L137043
008 - FIXED-LENGTH DATA ELEMENTS--GENERAL INFORMATION
fixed length control field 110830s2006 xxk f 000 0 eng d
035 ## - SYSTEM CONTROL NUMBER
System control number (Sirsi) u137043
041 0# - LANGUAGE CODE
Language code of text/sound track or separate title eng
050 04 - LIBRARY OF CONGRESS CALL NUMBER
Classification number 333.3307 $2 18
110 2# - MAIN ENTRY--CORPORATE NAME
Corporate name or jurisdiction name as entry element Royal Institution of Chartered Surveyors
Subordinate unit Commercial Property Faculty
9 (RLIN) 4355
245 00 - TITLE STATEMENT
Title Your pathway to qualifying in property finance and investment
Medium [electronic resource]
260 ## - PUBLICATION, DISTRIBUTION, ETC.
Place of publication, distribution, etc. London
Name of publisher, distributor, etc. RICS
Date of publication, distribution, etc. 2006
505 2# - FORMATTED CONTENTS NOTE
Formatted contents note Introduction -- Pathway requirements: property finance and investment APC -- Competency guidance: accounting principles and procedures; capital taxation; corporate finance; development appraisals; financial modelling; indirect investment vehicles; inspection; investment management including fund and portfolio management; landlord and tenant (including rent reviews and lease renewals); leasing/letting; local taxation/assessment; property finance and funding; property management; purchase and sale; research methodologies and techniques; strategic real estate consultancy; valuation.
520 ## - SUMMARY, ETC.
Summary, etc. Provides information on the area with a general overview of the pathways. Lists the competency requirements of the property finance and investment APC pathways (as set out in the APC/ATC Requirements and competencies guide July 2006). Describes the main competencies associated with machinery and business assets, providing expanded sector specific guidance on each of them.
590 ## - LOCAL NOTE (RLIN)
Local note KA
651 #4 - SUBJECT ADDED ENTRY--GEOGRAPHIC NAME
Geographic name United Kingdom
Chronological subdivision
690 ## - LOCAL SUBJECT ADDED ENTRY--TOPICAL TERM (OCLC, RLIN)
Topical term or geographic name as entry element CAREERS, EDUCATION AND TRAINING-QUALIFICATION ROUTES
690 ## - LOCAL SUBJECT ADDED ENTRY--TOPICAL TERM (OCLC, RLIN)
Topical term or geographic name as entry element CAREERS, EDUCATION AND TRAINING-CAREERS IN SURVEYING-CAREERS IN VALUATION
690 ## - LOCAL SUBJECT ADDED ENTRY--TOPICAL TERM (OCLC, RLIN)
Topical term or geographic name as entry element CAREERS, EDUCATION AND TRAINING-QUALIFICATION ROUTES-ASSESSMENT OF PROFESSIONAL COMPETENCE
710 2# - ADDED ENTRY--CORPORATE NAME
Corporate name or jurisdiction name as entry element Royal Institution of Chartered Surveyors
Subordinate unit Valuation Faculty
9 (RLIN) 4354
856 40 - ELECTRONIC LOCATION AND ACCESS
Uniform Resource Identifier <a href="https://www.rics.org/site/download_feed.aspx?fileID=1201&fileExtension=PDF">https://www.rics.org/site/download_feed.aspx?fileID=1201&fileExtension=PDF</a>
Public note View the item free of charge at www.rics.org
942 ## - ADDED ENTRY ELEMENTS (KOHA)
Suppress in OPAC 0
Holdings
Withdrawn status Lost status Source of classification or shelving scheme Damaged status Not for loan Home library Current library Shelving location Date acquired Total Checkouts Full call number Barcode Date last seen Copy number Price effective from Koha item type
    Dewey Decimal Classification     Virtual Virtual Online 12/03/2007   ONLINE PUBLICATION 137043-1001 06/08/2019 1 06/08/2019 Book